<?xml version="1.0" encoding="UTF-8"?>
<record
    xmlns:xsi="http://www.w3.org/2001/XMLSchema-instance"
    xsi:schemaLocation="http://www.loc.gov/MARC21/slim http://www.loc.gov/standards/marcxml/schema/MARC21slim.xsd"
    xmlns="http://www.loc.gov/MARC21/slim">

  <leader>02215nam a2200325 i 4500</leader>
  <controlfield tag="003">CSPC</controlfield>
  <controlfield tag="005">20251018111620.0</controlfield>
  <controlfield tag="008">250311s2022    ii       b    001 0 eng d</controlfield>
  <datafield tag="020" ind1=" " ind2=" ">
    <subfield code="a">9788183767736</subfield>
    <subfield code="c">`</subfield>
  </datafield>
  <datafield tag="040" ind1=" " ind2=" ">
    <subfield code="c">CSPC</subfield>
    <subfield code="a">CSPC</subfield>
    <subfield code="b">eng</subfield>
    <subfield code="e">rda</subfield>
  </datafield>
  <datafield tag="082" ind1="0" ind2="4">
    <subfield code="a">371.334</subfield>
    <subfield code="b">B855o</subfield>
  </datafield>
  <datafield tag="100" ind1="1" ind2=" ">
    <subfield code="a">Buck, Hanry,</subfield>
    <subfield code="e">author.</subfield>
  </datafield>
  <datafield tag="245" ind1="1" ind2="0">
    <subfield code="a">Online new teaching and learning :</subfield>
    <subfield code="b">new roles for participants /</subfield>
    <subfield code="c">Hanry Buck.</subfield>
  </datafield>
  <datafield tag="264" ind1=" " ind2="1">
    <subfield code="a">Jaipur, India :</subfield>
    <subfield code="b">ABD Publishers,</subfield>
    <subfield code="c">2022.</subfield>
  </datafield>
  <datafield tag="264" ind1=" " ind2="2">
    <subfield code="b">Keya International Press LLP</subfield>
  </datafield>
  <datafield tag="300" ind1=" " ind2=" ">
    <subfield code="a">vii, 232 pages ;</subfield>
    <subfield code="c">24 cm.</subfield>
  </datafield>
  <datafield tag="336" ind1=" " ind2=" ">
    <subfield code="2">rdacontent</subfield>
    <subfield code="a">text</subfield>
  </datafield>
  <datafield tag="337" ind1=" " ind2=" ">
    <subfield code="2">rdamedia</subfield>
    <subfield code="a">unmediated</subfield>
  </datafield>
  <datafield tag="338" ind1=" " ind2=" ">
    <subfield code="2">rdacarrier</subfield>
    <subfield code="a">volume</subfield>
  </datafield>
  <datafield tag="504" ind1=" " ind2=" ">
    <subfield code="a">Includes bibliographical references and index.</subfield>
  </datafield>
  <datafield tag="505" ind1="0" ind2=" ">
    <subfield code="a">Introduction -- Creating an effective online syllabus -- Analyzing online new teaching and learning systems -- Best practices in online new teaching strategies -- Expectations for classroom setup and online teaching -- Leadership: capacity building in online new teaching and learning -- Online teaching in online world -- The e-learning: principles procedures and practices -- Quality of e-learning in Europe.</subfield>
  </datafield>
  <datafield tag="520" ind1=" " ind2=" ">
    <subfield code="a">"In the 21st century technology has become an essential part of teaching and learning. This manual provides practical advice on teaching in a wide range of technologies, including the internet and multimedia packages. Using case studies to illustrate the key concepts, this book aims to promote student learning and understanding, and show educators how to use technology to motivate learners and encourage productive interaction. This book is a steer for those desiring more in-depth study of how to integrate a variety of internet technology tools for successful online learning. This is an excellent resource for all online teachers, and those who design curricula for online environments." -- Back cover</subfield>
  </datafield>
  <datafield tag="650" ind1=" " ind2="0">
    <subfield code="a">Educational technology.</subfield>
  </datafield>
  <datafield tag="650" ind1=" " ind2="0">
    <subfield code="a">Internet in education.</subfield>
  </datafield>
  <datafield tag="650" ind1=" " ind2="0">
    <subfield code="a">Online learning.</subfield>
  </datafield>
  <datafield tag="650" ind1=" " ind2="0">
    <subfield code="a">Distance education.</subfield>
  </datafield>
  <datafield tag="650" ind1=" " ind2="0">
    <subfield code="a">Teaching</subfield>
    <subfield code="x">Technological innovations.</subfield>
  </datafield>
  <datafield tag="942" ind1=" " ind2=" ">
    <subfield code="2">ddc</subfield>
    <subfield code="n">0</subfield>
    <subfield code="c">BK</subfield>
    <subfield code="i">B855o</subfield>
    <subfield code="k">CIR</subfield>
    <subfield code="m">2022</subfield>
    <subfield code="h">371.334</subfield>
  </datafield>
  <datafield tag="952" ind1=" " ind2=" ">
    <subfield code="0">0</subfield>
    <subfield code="1">0</subfield>
    <subfield code="2">ddc</subfield>
    <subfield code="4">0</subfield>
    <subfield code="7">0</subfield>
    <subfield code="a">CSPC</subfield>
    <subfield code="b">CSPC</subfield>
    <subfield code="c">CIR</subfield>
    <subfield code="d">2025-03-11</subfield>
    <subfield code="l">0</subfield>
    <subfield code="o">CIR 371.334 B855o 2022</subfield>
    <subfield code="p">029195</subfield>
    <subfield code="r">2025-03-11 15:23:52</subfield>
    <subfield code="t">1-2</subfield>
    <subfield code="w">2025-03-11</subfield>
    <subfield code="y">BK</subfield>
  </datafield>
  <datafield tag="952" ind1=" " ind2=" ">
    <subfield code="0">0</subfield>
    <subfield code="1">0</subfield>
    <subfield code="2">ddc</subfield>
    <subfield code="4">0</subfield>
    <subfield code="7">0</subfield>
    <subfield code="a">CSPC</subfield>
    <subfield code="b">CSPC</subfield>
    <subfield code="c">CIR</subfield>
    <subfield code="d">2025-10-18</subfield>
    <subfield code="l">0</subfield>
    <subfield code="o">CIR 371.334 B855o 2022</subfield>
    <subfield code="p">030515</subfield>
    <subfield code="r">2025-10-18 11:17:14</subfield>
    <subfield code="t">2-2</subfield>
    <subfield code="w">2025-10-18</subfield>
    <subfield code="y">BK</subfield>
  </datafield>
  <datafield tag="999" ind1=" " ind2=" ">
    <subfield code="c">29122</subfield>
    <subfield code="d">29122</subfield>
  </datafield>
</record>
